Perspectives on the teaching of geometry for the 21st century /
Guardado en:
| Autores Corporativos: | , |
|---|---|
| Otros Autores: | , |
| Formato: | Libro |
| Idioma: | English |
| Publicado: |
Dordrecht :
Kluwer Academic Publishers,
c1998.
|
| Series: | New ICMI study series ;
v. 5 An ICMI study |
| Etiquetas: |
Agregar Etiqueta
Sin Etiquetas, Sea el primero en etiquetar este registro!
|
| LEADER | 00882pam a2200265 a 4500 | ||
|---|---|---|---|
| 001 | MAT.inmabb002499 | ||
| 008 | 980114s1998####ne#a#####b####001#0#eng## | ||
| 005 | 20170427155257.0 | ||
| 245 | 0 | 0 | |a Perspectives on the teaching of geometry for the 21st century / |c edited by Carmelo Mammana and Vinicio Villani. |
| 260 | |a Dordrecht : |b Kluwer Academic Publishers, |c c1998. | ||
| 300 | |a viii, 353 p. : |b il. ; |c 25 cm. | ||
| 440 | 0 | |a New ICMI study series ; |v v. 5 | |
| 440 | 3 | |a An ICMI study | |
| 504 | |a Bibliografía: (p. 329-335). | ||
| 020 | |a 0792349903 | ||
| 700 | 1 | |a Mammana, Carmelo. | |
| 700 | 1 | |a Villani, Vinicio. | |
| 710 | 2 | |a International Commission on Mathematical Instruction. | |
| 710 | 2 | |a ICMI. | |
| 084 | |a 97-06 |2 MR | ||
| 084 | |a 97D30 |2 MR | ||
| 084 | |a 97U70 |2 MR | ||
| 010 | |a 98009444 | ||
| 040 | |a DLC |c DLC |d DLC | ||
| 859 | |h 97 |i P467 |p A-8158 |v 5 |3 Vol. 5 |b BIB. MATEMATICA | ||
